Tracez les côtes de la Méditerranée avec une carte - Statistiques

Statistiques générales
  • Ce quiz a été pris 11 278 fois
  • Le résultat moyen est 14 sur 29
Réponses sur la Carte
Les réponses sont colorées sur une échelle allant du rouge au vert en fonction du pourcentage des utilisateurs qui les ont devinées à leur premier essai. Vous pouvez retrouver ces pourcentages ci-dessous.
 
Statistiques - réponses
Pays % Correct
Espagne
99%
Royaume-Uni (Gibraltar)
58%
France
55%
Italie
53%
Monaco
53%
Croatie
51%
Bosnie-Herzégovine
50%
Espagne
50%
France
50%
Slovénie
50%
Grèce
49%
Albanie
48%
Israël
48%
Turquie
48%
Liban
47%
Monténégro
47%
Algérie
46%
Égypte
46%
Libye
46%
Syrie
46%
Tunisie
46%
Croatie (Dubrovnik)
45%
Maroc
45%
Espagne (Melilla)
42%
Maroc
42%
Maroc
41%
Maroc
41%
Espagne (Ceuta)
40%
Espagne (Peñón de Vélez de la Gomera)
40%
Aucun quiz correspondant
Distribution des résultats
% des personnes avec chaque résultat
Percentile par nombre de réponses
Votre historique - résultats
Vous n’avez pas pris ce quiz